MARC

Tag First Indicator Second Indicator Subfields
LEADER 00000cam a2200000 a 4500
001 in00000824921
005 20151018121221.0
008 811030s1980 dcu b f00010 eng d
010 |a gp 82003391  
035 |a (OCoLC)07893941 
035 |9 ADW7797AM 
040 |a FZW  |c FZW  |d GPO  |d UtOrBLW 
043 |a n-us--- 
074 |a 431-L-8 
086 0 |a EP 1.79/2:80-001 
088 |a EPA 560/TIIS-80-001 
090 |a QD9  |b .G337 
100 1 |a Gevertz, John N. 
245 1 0 |a Chemical selection methods :  |b an annotated bibliography /  |c John N. Gevertz, Elaine Bild ; with the assistance of Douglas W. Sellers. 
264 1 |a Washington, DC :  |b U.S. Environmental Protection Agency, Office of Pesticides and Toxic Substances,  |c 1980. 
300 |a v, 25 pages ;  |c 28 cm. 
336 |a text  |b txt  |2 rdacontent 
337 |a unmediated  |b n  |2 rdamedia 
338 |a volume  |b nc  |2 rdacarrier 
490 1 |a Toxics integration information series 
500 |a "Office of Toxics Integration." 
500 |a "Management Support Division, Office of Toxic Substances." 
500 |a "November 1980." 
500 |a "EPA 560/TIIS-80-001." 
650 0 |a Toxicology  |z United States  |x Bibliography. 
650 0 |a Chemicals  |z United States  |x Bibliography. 
700 1 |a Bild, Elaine,  |d 1949- 
700 1 |a Sellers, Douglas W. 
710 1 |a United States.  |b Environmental Protection Agency.  |b Office of Pesticides and Toxic Substances.  |b Management Support Division. 
710 1 |a United States.  |b Environmental Protection Agency.  |b Office of Toxics Integration. 
830 0 |a Toxics integration information series. 
999 |a MARS 
999 f f |s 0bb81daa-d028-3c00-8594-fa171ed181f6  |i a858d7c0-89da-3d21-b538-5165dcedc2cf  |t 0 
952 f f |p normal  |a Texas A&M University  |b College Station  |c Sterling C. Evans Library  |d Evans: US Documents (Annex 5th floor)  |t 0  |e EP 1.79/2: 80-001  |h Superintendent of Documents classification  |i unmediated -- volume  |m A14814473212 
998 f f |a EP 1.79/2: 80-001  |t 0  |l Evans: US Documents (Annex 5th floor)